| 000 | 00764nam a22002537a 4500 | ||
|---|---|---|---|
| 001 | 32531 | ||
| 003 | UA-OsUOA | ||
| 005 | 20220527143700.0 | ||
| 007 | ta | ||
| 008 | 20050204b un ||||| |||| 00| 0 ukr d | ||
| 040 |
_aUA-OsUOA _brus _cUA-OsUOA _dUA-OsUOA |
||
| 041 | _arus | ||
| 044 | _aRU | ||
| 080 | _a821.111 | ||
| 090 |
_a821.111 _bС51 |
||
| 100 | _aСмоллет Т. | ||
| 245 |
_aПутешествие Хамфри Клинкера. Векфильдский священник _cвступ. статья А. Ингер |
||
| 260 |
_aМосква _bХудожественная литература _c1972 |
||
| 300 |
_a568 с. _bІлюстрації |
||
| 650 | 7 | _2UDC | |
| 700 | 1 |
_aГолдсмит О. _eавт. |
|
| 942 |
_cBK _2udc |
||
| 955 | _a0 | ||
| 999 |
_c318976 _d318976 |
||